Direct marketing ako forma komunikácie

Využívanie priameho marketingu v banke - interakcia s vopred vytýčenou cieľovou skupinou. Nástroje priameho marketingu: direct mail a združený direct mail. Databáza potenciálnych zákazníkov.

Na minha lista:
Detalhes bibliográficos
Autor principal: Veresová, Eleonóra
Formato: Capítulo de Livro
Idioma:eslovaco
Assuntos:
Tags: Adicionar Tag
Sem tags, seja o primeiro a adicionar uma tag!

MARC

LEADER 00000naa a2200000 4500
001 r040310
005 20220729110948.1
041 0 |a slo 
044 |a SK 
245 1 0 |a Direct marketing ako forma komunikácie  |c Eleonóra Veresová 
520 |a Využívanie priameho marketingu v banke - interakcia s vopred vytýčenou cieľovou skupinou. Nástroje priameho marketingu: direct mail a združený direct mail. Databáza potenciálnych zákazníkov. 
610 2 0 |a marketing priamy 
610 2 0 |a komunikácia 
610 2 0 |a pojmy 
610 2 0 |a klienti 
610 2 0 |a báza dát 
100 1 |a Veresová, Eleonóra